Województwa z najmniejszymi wydatkami na mieszkańca - nagła śmierć - Statystyki

Ogólne statystyki
  • Ten quiz został rozwiązany 12 razy
  • Średni wynik to 3 z 6
Answers on the Grid
Answers color-coded by a green-red scale on the quiz's grid according to % correct below.
dolnośląskie
kujawsko-pomorskie
lubelskie
lubuskie
łódzkie
małopolskie
mazowieckie
opolskie
podkarpackie
podlaskie
pomorskie
śląskie
świętokrzyskie
warmińsko-mazurskie
wielkopolskie
zachodniopomorskie
 
Statystyki odpowiedzi
Odpowiedź % Poprawnych
1 652,26 podlaskie
80%
1 548,84 podkarpackie
60%
1 595,99 świętokrzyskie
50%
1 559,82 warmińsko-mazurskie
30%
1 747,05 lubuskie
20%
1 659,01 małopolskie
10%
Nie znaleziono quizów pasujących do podanych kryteriów
Rozkład punktacji
Procent ludzi z każdym wynikiem
Percentyl według liczby udzielonych odpowiedzi
Twoja historia wyników
Nie rozwiązałeś tego quizu